[Event "35. Kieler Open 2023"]
[Site "Kiel"]
[Date "2023.07.29"]
[Round "1.1"]
[White "Harutyunyan, Hovhannes"]
[Black "Browning, Alex"]
[Result "0-1"]
[WhiteElo "1637"]
[BlackElo "2341"]
[Annotator "HJ"]
[PlyCount "56"]
[EventDate "2023.??.??"]

1. d4 Nf6 2. Nf3 g6 3. c4 Bg7 4. e3 O-O 5. Nc3 c5 6. b3 cxd4 7. Nxd4 d5 8. h3
Nc6 9. Nxc6 bxc6 10. Bb2 Ba6 11. cxd5 Bxf1 12. Kxf1 cxd5 13. Qd2 e6 14. Ke2 {
(=)} Qd6 15. Rac1 Rfc8 16. Rc2 Ne4 17. Nxe4 Qa6+ 18. Kf3 dxe4+ 19. Kg3 Rxc2 20.
Qxc2 Rc8 21. Qd2 Bxb2 22. Qxb2 Qd6+ 23. Kh4 Rc5 24. g4 g5+ 25. Kh5 Qe7 26. Qd4
f6 27. Qxe4 Kg7 28. Qd4 Qf7# 0-1

[Event "35. Kieler Open 2023"]
[Site "Kiel"]
[Date "2023.07.29"]
[Round "1.2"]
[White "Jahncke, Giso"]
[Black "Cordts, Elof"]
[Result "1-0"]
[WhiteElo "2244"]
[BlackElo "1631"]
[PlyCount "53"]
[EventDate "2023.??.??"]

1. d4 d5 2. Nf3 Nf6 3. c4 e6 4. g3 b6 5. cxd5 exd5 6. Bg2 Bb7 7. O-O Be7 8. Nc3
O-O 9. Bf4 a6 10. Rc1 Bd6 11. Ne5 Ne4 12. Qb3 Nxc3 13. Rxc3 Bxe5 14. Bxe5 c6
15. e4 Re8 16. exd5 cxd5 17. Bc7 Qf6 18. Be5 Qd8 19. Rc7 Bc6 20. Qxb6 Re6 21.
Rb7 Nd7 22. Qxd8+ Rxd8 23. Rc7 Bb5 24. Rd1 Nxe5 25. dxe5 h5 26. Bxd5 Be8 27.
Rcc1 1-0

[Event "35. Kieler Open 2023"]
[Site "Kiel"]
[Date "2023.07.29"]
[Round "1.3"]
[White "Dawidzinski, Jan"]
[Black "Bach, Matthias"]
[Result "0-1"]
[WhiteElo "1627"]
[BlackElo "2215"]
[PlyCount "46"]
[EventDate "2023.??.??"]

1. d4 Nf6 2. c4 c5 3. d5 e6 4. Nc3 exd5 5. cxd5 d6 6. Nf3 g6 7. Bg5 h6 8. Bh4
g5 9. Bg3 Nh5 10. e3 Nxg3 11. hxg3 Bg7 12. Qc2 a6 13. a4 Nd7 14. Bd3 Nf6 15. e4
Ng4 16. O-O h5 17. Rfe1 Ne5 18. Nxe5 Bxe5 19. Qd2 Qf6 20. Rf1 h4 21. Ne2 Bg4
22. f3 hxg3 23. fxg4 Rh1+ 0-1

[Event "35. Kieler Open 2023"]
[Site "Kiel"]
[Date "2023.07.29"]
[Round "1.4"]
[White "Popvasilev, Kaloyan"]
[Black "Kathage, Holger"]
[Result "1-0"]
[WhiteElo "2203"]
[BlackElo "1615"]
[PlyCount "27"]
[EventDate "2023.??.??"]

1. e4 c5 2. Nc3 e6 3. g3 Nc6 4. Bg2 Nf6 5. Nge2 Be7 6. O-O O-O 7. d4 cxd4 8.
Nxd4 e5 9. Nf5 Bb4 10. Nd5 Bc5 11. Bg5 Nd4 12. Bxf6 gxf6 13. Qg4+ Kh8 14. Qg7#
1-0

[Event "35. Kieler Open 2023"]
[Site "Kiel"]
[Date "2023.07.29"]
[Round "1.5"]
[White "Zielke, Bernd"]
[Black "Dreesen, Jan"]
[Result "0-1"]
[WhiteElo "1606"]
[BlackElo "2175"]
[PlyCount "105"]
[EventDate "2023.??.??"]

1. d4 d5 2. Nf3 Nf6 3. Nbd2 c5 4. c3 Nc6 5. Qc2 cxd4 6. Nxd4 e5 7. Nxc6 bxc6 8.
e4 Bc5 9. Be2 O-O 10. O-O Re8 11. h3 h6 12. Nb3 Nxe4 13. Bd3 Bxf2+ 14. Rxf2
Nxf2 15. Qxf2 Re6 16. Qc5 Qh4 17. Qf2 Qh5 18. Bd2 Rf6 19. Qe2 Qxe2 20. Bxe2 a5
21. Nc5 Kf8 22. Rf1 Rxf1+ 23. Kxf1 Ke7 24. b3 f5 25. Be3 f4 26. Bg1 Bf5 27. Bd1
g5 28. Ke1 Rd8 29. Nb7 Ra8 30. Bc5+ Kf6 31. Ba3 Bb1 32. Nc5 Kg6 33. Nd7 Re8 34.
Bd6 Bf5 35. Nxe5+ Kf6 36. Kf2 Rxe5 37. Bxe5+ Kxe5 38. a3 c5 39. b4 cxb4 40.
axb4 axb4 41. cxb4 Bd3 42. g3 Bb5 43. gxf4+ Kxf4 44. Bf3 d4 45. Bd5 h5 46. Bf3
g4 47. hxg4 hxg4 48. Bd5 d3 49. Bb3 g3+ 50. Kg2 Bc6+ 51. Kf1 Ke3 52. Bc4 d2 53.
b5 0-1

[Event "35. Kieler Open 2023"]
[Site "Kiel"]
[Date "2023.07.29"]
[Round "1.6"]
[White "Boehme, Arne"]
[Black "Grebita, Magnus"]
[Result "1-0"]
[WhiteElo "2153"]
[BlackElo "1574"]
[PlyCount "80"]
[EventDate "2023.??.??"]

1. e4 e5 2. Nf3 Nc6 3. Bb5 Nf6 4. O-O Nxe4 5. Re1 Nd6 6. Nxe5 Nxe5 7. Rxe5+ Be7
8. Bf1 O-O 9. d4 Bf6 10. Re1 Nf5 11. d5 d6 12. Nd2 Ne7 13. Ne4 Ng6 14. Nxf6+
Qxf6 15. c3 Bd7 16. Be3 Rfe8 17. Qb3 b5 18. c4 a6 19. cxb5 axb5 20. Rec1 Rec8
21. Rc3 Rab8 22. Rac1 Rb7 23. a4 Ne5 24. a5 Ra8 25. Rxc7 Rxc7 26. Rxc7 Rxa5 27.
Qc3 Ra8 28. Bd4 Qe7 29. f4 Ng6 30. Qe3 Qxe3+ 31. Bxe3 Be8 32. Rb7 Ra1 33. Kf2
Ra2 34. Bd4 Ra5 35. Rb8 Kf8 36. Bc3 b4 37. Bxb4 Rxd5 38. Bc4 Rd4 39. Bb5 Ke7
40. Rxe8+ Kf6 1-0

[Event "35. Kieler Open 2023"]
[Site "Kiel"]
[Date "2023.07.29"]
[Round "1.7"]
[White "Lund, Thomas"]
[Black "Schinkowski, Christoph"]
[Result "0-1"]
[WhiteElo "1558"]
[BlackElo "2145"]
[PlyCount "56"]
[EventDate "2023.??.??"]

1. e4 g6 2. d4 Bg7 3. Nf3 d6 4. Nc3 a6 5. a4 Bg4 6. Be3 Nc6 7. d5 Nb4 8. Be2
Nf6 9. O-O O-O 10. h3 Bc8 11. Nd2 c6 12. dxc6 Nxc6 13. Bc4 Bd7 14. Nd5 Nxd5 15.
exd5 Na5 16. c3 Nxc4 17. Nxc4 b5 18. Nb6 Rb8 19. Nxd7 Qxd7 20. axb5 Qxb5 21.
Rb1 Rfc8 22. Re1 Rb7 23. Re2 Rxc3 24. Bd4 Rd3 25. Rd2 Rxd2 26. Qxd2 Qxd5 27.
Bc3 Qxd2 28. Bxd2 Rxb2 0-1

[Event "35. Kieler Open 2023"]
[Site "Kiel"]
[Date "2023.07.29"]
[Round "1.9"]
[White "Jacobasch, Ronja"]
[Black "Saglam, Buelent"]
[Result "0-1"]
[WhiteElo "1549"]
[BlackElo "2109"]
[Annotator "HJ"]
[PlyCount "124"]
[EventDate "2023.??.??"]

1. Nf3 c5 2. g3 b6 3. Bg2 Bb7 4. O-O Nf6 5. d3 d5 6. c4 d4 7. e3 Nc6 8. exd4
Nxd4 9. Nc3 Nxf3+ 10. Bxf3 Qd7 11. Bxb7 Qxb7 12. d4 cxd4 13. Qxd4 e6 14. Bg5
Rd8 15. Qf4 Bd6 16. Qe3 Bc5 17. Qe2 Bd4 18. Rad1 h6 19. Bxf6 Bxf6 20. Ne4 Bd4
21. Rd3 O-O 22. Rfd1 e5 23. Nc3 {(=)} f5 24. Nd5 f4 25. Nxf4 Bxf2+ 26. Qxf2
Rxd3 27. Rxd3 exf4 28. gxf4 Qe4 29. Rd4 Qg6+ 30. Kh1 Qb1+ 31. Kg2 Rf6 32. Qe2
Qg6+ (32... Rg6+) 33. Kf2 Qf7 34. Rd8+ Kh7 35. Qd3+ g6 36. Rd7 Rxf4+ 37. Ke2
Re4+ 38. Kd2 Re7 39. Rxe7 Qxe7 40. Kc2 Qc7 41. h3 h5 42. b3 a5 43. a3 Qh2+ 44.
Kc3 Qe5+ 45. Qd4 Qe1+ 46. Kb2 Qe2+ 47. Kc3 Qf3+ 48. Qd3 Qf6+ 49. Qd4 Kg7 50. b4
g5 51. Qxf6+ Kxf6 52. Kd3 Ke5 53. Ke3 a4 54. Kd3 Kf4 55. Kd4 g4 56. hxg4 hxg4
57. c5 bxc5+ 58. Kxc5 g3 59. b5 g2 60. b6 g1=Q+ 61. Kc6 Qc1+ 62. Kb7 Qxa3 0-1

[Event "35. Kieler Open 2023"]
[Site "Kiel"]
[Date "2023.07.29"]
[Round "1.10"]
[White "Horn, Peter"]
[Black "Malinowsky, Celina"]
[Result "1-0"]
[WhiteElo "2085"]
[BlackElo "1518"]
[PlyCount "63"]
[EventDate "2023.??.??"]

1. c4 b6 2. e4 Bb7 3. Nc3 e6 4. g3 Bb4 5. Nge2 f5 6. Bg2 Nf6 7. O-O O-O 8. d3
Bxc3 9. Nxc3 d6 10. Qe2 Kh8 11. exf5 Bxg2 12. Kxg2 exf5 13. Qf3 Nbd7 14. Qxf5
Ne5 15. Bg5 Qe8 16. Bxf6 Rxf6 17. Qe4 Re6 18. Rae1 Rh6 19. f4 Qc8 20. fxe5 Qh3+
21. Kf3 Qh5+ 22. Ke3 Qg5+ 23. Qf4 Qxf4+ 24. Rxf4 Re8 25. Re2 Rxe5+ 26. Re4
Rxe4+ 27. Nxe4 Kg8 28. Kd4 Rh5 29. b4 Kf7 30. b5 Ke6 31. Nc3+ Kd7 32. Nd5 1-0

[Event "35. Kieler Open 2023"]
[Site "Kiel"]
[Date "2023.07.29"]
[Round "1.12"]
[White "Forster, Lukas"]
[Black "Muslumzada, Roya"]
[Result "1-0"]
[WhiteElo "2053"]
[BlackElo "1508"]
[PlyCount "47"]
[EventDate "2023.??.??"]

1. e4 b6 2. d4 Bb7 3. Bd3 e6 4. Nf3 c5 5. c3 cxd4 6. cxd4 Bb4+ 7. Nc3 Qc7 8.
Bd2 Ne7 9. O-O Bxc3 10. bxc3 O-O 11. Qe2 f5 12. Rfe1 fxe4 13. Bxe4 Bxe4 14.
Qxe4 Ng6 15. h4 Qc6 16. Qg4 Qd6 17. h5 Nf4 18. Ne5 Nd5 19. h6 Qe7 20. Bg5 Nf6
21. Qh4 gxh6 22. Bxh6 Rc8 23. Re3 Kh8 24. Bg5 1-0

[Event "35. Kieler Open 2023"]
[Site "Kiel"]
[Date "2023.07.29"]
[Round "1.13"]
[White "Mueller, Cosima"]
[Black "Blietschau, Volker"]
[Result "0-1"]
[WhiteElo "1499"]
[BlackElo "2007"]
[PlyCount "62"]
[EventDate "2023.??.??"]

1. e4 d5 2. exd5 Qxd5 3. d4 e5 4. Nf3 Bg4 5. Be2 Nc6 6. Nc3 Bb4 7. Bd2 Bxc3 8.
Bxc3 Bxf3 9. Bxf3 e4 10. Be2 O-O-O 11. O-O f5 12. Qd2 h6 13. b3 Nf6 14. Bc4 Qd6
15. f3 Rhe8 16. Rad1 e3 17. Qe2 f4 18. a4 g5 19. d5 Ne5 20. Bb5 Re7 21. Bb2 Rg8
22. Ra1 Qxd5 23. Rfd1 Qe6 24. Bc4 Nxc4 25. Bxf6 Qxf6 26. Qxc4 Reg7 27. c3 g4
28. Kh1 gxf3 29. gxf3 Rg2 30. h3 R2g3 31. Kh2 Rxh3+ 0-1

[Event "35. Kieler Open 2023"]
[Site "Kiel"]
[Date "2023.07.29"]
[Round "1.14"]
[White "Basey, Matthew"]
[Black "Christiansen, Henning"]
[Result "1-0"]
[WhiteElo "2002"]
[BlackElo "1497"]
[PlyCount "57"]
[EventDate "2023.??.??"]

1. d4 e6 2. Nf3 c5 3. e3 Nc6 4. c3 d5 5. Bd3 Nf6 6. O-O Be7 7. Nbd2 O-O 8. dxc5
Bxc5 9. e4 dxe4 10. Nxe4 Nxe4 11. Bxe4 Qxd1 12. Rxd1 Rd8 13. Bf4 Bb6 14. b4 f5
15. Bc2 h6 16. h4 Bd7 17. Bb3 Kf7 18. Nd2 Be8 19. Re1 Bd7 20. Nc4 Kf6 21. Rad1
g5 22. Nxb6 axb6 23. Bc7 b5 24. Bxd8+ Rxd8 25. hxg5+ hxg5 26. Rd6 Ne5 27. Red1
Ke7 28. Bxe6 Nc4 29. Rxd7+ 1-0

[Event "35. Kieler Open 2023"]
[Site "Kiel"]
[Date "2023.07.29"]
[Round "1.15"]
[White "Wiegmann, Ulf"]
[Black "Basener, Winfried"]
[Result "0-1"]
[WhiteElo "1497"]
[BlackElo "2001"]
[PlyCount "68"]
[EventDate "2023.??.??"]

1. e4 e6 2. d4 d5 3. exd5 exd5 4. c4 Nf6 5. Nc3 dxc4 6. Bxc4 Be7 7. Nge2 Nbd7
8. O-O O-O 9. Bg5 c6 10. Re1 Nb6 11. Bb3 Nbd5 12. a3 Be6 13. Bc2 Re8 14. Qd3 g6
15. Ng3 Qc7 16. Rac1 Rad8 17. Rf1 Nb6 18. Nce2 Bc4 19. Qf3 Bd5 20. Qd3 Ne4 21.
Be3 Bd6 22. Nxe4 Bxe4 23. Qb3 Bd5 24. Qc3 Bxh2+ 25. Kh1 Bd6 26. Bd3 Qd7 27. Kg1
Qg4 28. f3 Qh4 29. Bf4 Bxf4 30. Nxf4 Qxf4 31. Kf2 Qe3+ 32. Kg3 Be6 33. Qc2 Qg5+
34. Kf2 Qh4+ 0-1

[Event "35. Kieler Open 2023"]
[Site "Kiel"]
[Date "2023.07.29"]
[Round "1.16"]
[White "Dittmann, Hans-Adolf"]
[Black "Thomsen, Flemming"]
[Result "1-0"]
[WhiteElo "1989"]
[BlackElo "1491"]
[PlyCount "129"]
[EventDate "2023.??.??"]

1. e4 e5 2. Nf3 Nf6 3. Nc3 Nc6 4. Bb5 Bc5 5. O-O a6 6. Bxc6 dxc6 7. h3 O-O 8.
d3 Re8 9. Ne2 Ba7 10. Be3 c5 11. Ng3 Bd7 12. Qd2 Qe7 13. Bg5 Qd6 14. Nh4 c4 15.
Nhf5 Bxf5 16. Nxf5 Qe6 17. Bxf6 Qxf6 18. dxc4 Rad8 19. Qe2 g6 20. Nh6+ Kg7 21.
Ng4 Qf4 22. Rad1 h5 23. Nh2 c6 24. Rd3 Rxd3 25. Qxd3 Qf6 26. Nf3 g5 27. g3 Rd8
28. Qe2 h4 29. Kg2 Kh7 30. Rd1 Rxd1 31. Qxd1 hxg3 32. fxg3 Qe7 33. Qe2 f6 34.
c3 Qc5 35. b4 Qe3 36. Qxe3 Bxe3 37. b5 axb5 38. cxb5 cxb5 39. Nh2 Bd2 40. Kf3
Bxc3 41. Kg4 Kg6 42. Nf3 b4 43. h4 gxh4 44. gxh4 b6 45. h5+ Kg7 46. Kf5 Kf7 47.
h6 Bb2 48. h7 Kg7 49. h8=Q+ Kxh8 50. Kxf6 Kg8 51. Nxe5 Kf8 52. Ke6 Ke8 53. Nc6
Bc3 54. Kd6 Bd2 55. Kc7 Bc3 56. Kxb6 Kd7 57. Kc5 Ke6 58. Nxb4 Ke5 59. a4 Kxe4
60. a5 Bd4+ 61. Kc6 Ke5 62. Nd5 Ke6 63. a6 Ba7 64. Kb7 Bd4 65. Nb6 1-0

[Event "35. Kieler Open 2023"]
[Site "Kiel"]
[Date "2023.07.29"]
[Round "1.17"]
[White "Borgert, Alexander"]
[Black "Busse, Tom Niklas"]
[Result "0-1"]
[WhiteElo "1490"]
[BlackElo "1984"]
[PlyCount "42"]
[EventDate "2023.??.??"]

1. d4 d5 2. c4 dxc4 3. e3 Nf6 4. Bxc4 e6 5. Nc3 c5 6. Nf3 a6 7. a4 cxd4 8. Qxd4
Qc7 9. O-O Nc6 10. Qd3 Be7 11. Rd1 O-O 12. Qe2 e5 13. Nd5 Nxd5 14. Bxd5 Nb4 15.
Qc4 Nxd5 16. Qxd5 Rd8 17. Qb3 Be6 18. Rxd8+ Rxd8 19. Qc3 Qxc3 20. bxc3 Rd1+ 21.
Ne1 Rxe1# 0-1

[Event "35. Kieler Open 2023"]
[Site "Kiel"]
[Date "2023.07.29"]
[Round "1.18"]
[White "Helms, Finn"]
[Black "Bischoff, Anton"]
[Result "1-0"]
[WhiteElo "1966"]
[BlackElo "1481"]
[PlyCount "89"]
[EventDate "2023.??.??"]

1. e4 c6 2. d4 d5 3. Nd2 dxe4 4. Nxe4 Bf5 5. Ng3 Bg6 6. Nf3 Nd7 7. h4 h6 8. h5
Bh7 9. Bd3 Bxd3 10. Qxd3 e6 11. Bd2 Ngf6 12. O-O-O Be7 13. Kb1 c5 14. Be3 Nd5
15. dxc5 O-O 16. Ne4 Qc7 17. g4 Bxc5 18. Bxc5 Nxc5 19. Nxc5 Qxc5 20. g5 Rac8
21. gxh6 Nb4 22. Qe4 Qxc2+ 23. Qxc2 Rxc2 24. Rdg1 g6 25. hxg6 fxg6 26. Rxg6+
Kh8 27. Rg4 Rxf3 28. Rxb4 Rc7 29. Re4 Rxf2 30. Rxe6 Kh7 31. Rhe1 b6 32. Re7+
Rxe7 33. Rxe7+ Kxh6 34. Rxa7 Rf8 35. Ra6 Rb8 36. Kc2 Kg5 37. Kb3 Kf6 38. Kb4
Ke7 39. Kb5 Kd7 40. Rxb6 Rh8 41. b4 Rh5+ 42. Ka4 Kc7 43. Rg6 Rh4 44. Ka5 Kb7
45. a4 1-0

[Event "35. Kieler Open 2023"]
[Site "Kiel"]
[Date "2023.07.29"]
[Round "1.19"]
[White "Aguike, Toshiya"]
[Black "Braeutigam, Alexander"]
[Result "0-1"]
[WhiteElo "1476"]
[BlackElo "1943"]
[PlyCount "94"]
[EventDate "2023.??.??"]

1. e4 c5 2. Nf3 d6 3. d4 cxd4 4. Nxd4 Nf6 5. Nc3 a6 6. a3 Qc7 7. Be2 g6 8. Be3
Bg7 9. Qd2 b5 10. Bh6 O-O 11. Bxg7 Kxg7 12. Bf3 Bb7 13. h4 h5 14. Qg5 Rh8 15.
Nd5 Bxd5 16. exd5 Nbd7 17. O-O Ne5 18. Rfe1 Rac8 19. Rad1 Qd7 20. Rd2 Rc5 21.
Rde2 Nxf3+ 22. Nxf3 Rxd5 23. Qe3 Re8 24. Qb6 e5 25. Qxa6 Qg4 26. Qa7 Rd8 27.
Qc7 Rd7 28. Qc3 Rc5 29. Qb4 e4 30. Ng5 Qxh4 31. Nxe4 Ng4 32. Ng3 Kh7 33. Qf4
Qh2+ 34. Kf1 Rf5 35. Qb4 Qxg3 36. Qd4 Nh2+ 37. Kg1 Nf3+ 38. Kf1 Nxd4 39. Rd2
Rc7 40. c3 Nb3 41. Rde2 Rc4 42. f3 Rh4 43. Rf2 Rh1+ 44. Ke2 Re5+ 45. Kd3 Nc5+
46. Kd2 Qxf2+ 47. Kc1 Rexe1# 0-1

[Event "35. Kieler Open 2023"]
[Site "Kiel"]
[Date "2023.07.29"]
[Round "1.20"]
[White "Lutze, Max"]
[Black "Pollerberg, Amelie"]
[Result "1-0"]
[WhiteElo "1936"]
[BlackElo "1475"]
[PlyCount "101"]
[EventDate "2023.??.??"]

1. e4 c5 2. Nf3 Nc6 3. d4 cxd4 4. Nxd4 Nf6 5. Nc3 e5 6. Ndb5 d6 7. Bg5 a6 8.
Na3 b5 9. Nd5 Be7 10. Bxf6 Bxf6 11. c3 Bg5 12. Nc2 O-O 13. a4 bxa4 14. Rxa4 a5
15. Bc4 Bb7 16. O-O Ne7 17. Qd3 Nxd5 18. Bxd5 Qb6 19. b3 Bxd5 20. Qxd5 Rfc8 21.
Rb1 Qc5 22. Qxc5 Rxc5 23. c4 Rb8 24. Na3 Bd2 25. Rd1 Bb4 26. Nc2 Rc6 27. Ne3
Kf8 28. Nd5 Ke8 29. Kf1 Kd7 30. Ke2 Ke6 31. Rd3 Rcc8 32. Nxb4 axb4 33. Ra6 Rd8
34. c5 Rd7 35. Rdxd6+ Rxd6 36. Rxd6+ Ke7 37. Rb6 Rxb6 38. cxb6 Kd6 39. Kd3 Kc6
40. Kc4 Kxb6 41. Kxb4 f6 42. f3 g6 43. g3 Kc6 44. Ka5 Kb7 45. Kb5 h5 46. h3 g5
47. h4 Kc7 48. Ka6 Kb8 49. b4 Ka8 50. b5 Kb8 51. Kb6 1-0

[Event "35. Kieler Open 2023"]
[Site "Kiel"]
[Date "2023.07.29"]
[Round "2.1"]
[White "Browning, Alex"]
[Black "Serreck, Uwe"]
[Result "1-0"]
[WhiteElo "2341"]
[BlackElo "1845"]
[PlyCount "71"]
[EventDate "2023.??.??"]

1. Nf3 g6 2. g3 Bg7 3. c4 c5 4. Bg2 Nc6 5. Nc3 e5 6. O-O Nge7 7. Ne1 O-O 8. Nc2
d6 9. a3 a5 10. Rb1 Be6 11. Ne3 f5 12. Ned5 Kh8 13. d3 f4 14. b4 axb4 15. axb4
Bxd5 16. Nxd5 Nxd5 17. Bxd5 Nxb4 18. Bxb7 Rb8 19. Be4 fxg3 20. hxg3 Rf7 21. Kg2
Qf6 22. Bd2 Rff8 23. Qa4 Rb6 24. Qd7 Rf7 25. Qg4 Rf8 26. f3 Rfb8 27. Rh1 Kg8
28. Bg5 Qf8 29. Qh3 h6 30. Bxg6 d5 31. Qh5 Rxg6 32. Qxg6 hxg5 33. Qh7+ Kf7 34.
Rh6 dxc4 35. Qg6+ Kg8 36. Rbh1 1-0

[Event "35. Kieler Open 2023"]
[Site "Kiel"]
[Date "2023.07.29"]
[Round "2.2"]
[White "Kort, Felix"]
[Black "Jahncke, Giso"]
[Result "0-1"]
[WhiteElo "1837"]
[BlackElo "2244"]
[PlyCount "84"]
[EventDate "2023.??.??"]

1. d4 g6 2. c4 Bg7 3. Nc3 d6 4. e4 Nf6 5. Be2 O-O 6. Be3 Na6 7. g4 c6 8. h4 e5
9. d5 Nc5 10. f3 cxd5 11. cxd5 h5 12. g5 Ne8 13. Qd2 Bd7 14. Rc1 a5 15. Nh3 Nc7
16. Nf2 b5 17. Nd3 b4 18. Nd1 Nxd3+ 19. Bxd3 Nb5 20. a4 bxa3 21. Bxb5 Bxb5 22.
bxa3 f5 23. Nc3 Ba6 24. exf5 Rxf5 25. Kf2 Qd7 26. Ne4 Rxf3+ 27. Kxf3 Qg4+ 28.
Kf2 Qxe4 29. Kg1 Rf8 30. Rh3 Qf5 31. Rh2 e4 32. Qxa5 Qf3 33. Qd2 Be5 34. Rf2
Qg3+ 35. Rg2 Qh3 36. Bd4 Bh2+ 37. Kh1 Bf4+ 38. Rh2 Qf3+ 39. Qg2 Bxc1 40. Qxf3
Rxf3 41. Rc2 Be3 42. Bf6 Bf1 0-1

[Event "35. Kieler Open 2023"]
[Site "Kiel"]
[Date "2023.07.29"]
[Round "2.3"]
[White "Bach, Matthias"]
[Black "Vollbehr, Bjarne"]
[Result "1-0"]
[WhiteElo "2215"]
[BlackElo "1827"]
[PlyCount "83"]
[EventDate "2023.??.??"]

1. d4 Nf6 2. c4 g6 3. Nc3 d5 4. cxd5 Nxd5 5. Bd2 Bg7 6. e4 Nxc3 7. Bxc3 c5 8.
d5 Bxc3+ 9. bxc3 Qd6 10. Qd2 Qe5 11. Bd3 c4 12. Nf3 Qc7 13. Bc2 a6 14. h4 Bg4
15. Qd4 f6 16. Nd2 b5 17. a4 Bd7 18. axb5 Bxb5 19. Ba4 Qb7 20. O-O Nd7 21. Nxc4
O-O 22. Na5 Qb6 23. Bxb5 axb5 24. Nc6 Kf7 25. Rxa8 Rxa8 26. Qxb6 Nxb6 27. Rb1
Nc4 28. Rxb5 Nd6 29. Rb4 Ra3 30. e5 fxe5 31. Nxe5+ Kg7 32. c4 Rc3 33. Ra4 Rc1+
34. Kh2 Re1 35. f4 Re4 36. Ra7 Nxc4 37. Rxe7+ Kg8 38. Nxg6 Rd4 39. Ne5 Rxf4 40.
Nxc4 Rxh4+ 41. Kg3 Rxc4 42. d6 1-0

[Event "35. Kieler Open 2023"]
[Site "Kiel"]
[Date "2023.07.29"]
[Round "2.4"]
[White "Stegert, Jonas"]
[Black "Popvasilev, Kaloyan"]
[Result "1/2-1/2"]
[WhiteElo "1832"]
[BlackElo "2203"]
[PlyCount "25"]
[EventDate "2023.??.??"]

1. d4 Nf6 2. Nf3 g6 3. g3 d6 4. Bg2 Bg7 5. O-O O-O 6. c3 Nbd7 7. Nbd2 c6 8. e4
Qc7 9. Re1 e5 10. dxe5 dxe5 11. Nc4 Rd8 12. Qd6 Qxd6 13. Nxd6 1/2-1/2

[Event "35. Kieler Open 2023"]
[Site "Kiel"]
[Date "2023.07.29"]
[Round "2.5"]
[White "Dreesen, Jan"]
[Black "Guyer, Marlon"]
[Result "1-0"]
[WhiteElo "2175"]
[BlackElo "1806"]
[PlyCount "85"]
[EventDate "2023.??.??"]

1. d4 Nf6 2. Nf3 e6 3. e3 b6 4. Bd3 Bb7 5. O-O Be7 6. Nbd2 O-O 7. b3 c5 8. Bb2
d6 9. Qe2 Nbd7 10. Rad1 Qc7 11. e4 Rfd8 12. c3 Rac8 13. Rfe1 Nf8 14. h3 Ng6 15.
g3 Qb8 16. c4 Nd7 17. Bb1 cxd4 18. Nxd4 Bf6 19. Nf1 Nc5 20. f4 Bxd4+ 21. Bxd4
e5 22. Bxc5 dxc5 23. f5 Ne7 24. Ne3 f6 25. Nd5 Nc6 26. Qg4 Kh8 27. Re3 Nd4 28.
Qh5 Bxd5 29. exd5 Qc7 30. g4 Kg8 31. g5 Qe7 32. h4 Rd6 33. Kh1 Rc7 34. Rg1 Qf8
35. gxf6 Qxf6 36. Qe8+ Qf8 37. Qxe5 Qf6 38. Qe8+ Qf8 39. Qh5 Rh6 40. Qxh6 Rf7
41. f6 Rxf6 42. Qxh7+ Kf7 43. Bg6+ 1-0

[Event "35. Kieler Open 2023"]
[Site "Kiel"]
[Date "2023.07.29"]
[Round "2.6"]
[White "Bendixen, Matthes"]
[Black "Boehme, Arne"]
[Result "1/2-1/2"]
[WhiteElo "1798"]
[BlackElo "2153"]
[PlyCount "75"]
[EventDate "2023.??.??"]

1. d4 Nf6 2. c4 g6 3. Nf3 Bg7 4. g3 O-O 5. Bg2 d6 6. O-O Nc6 7. Nc3 a6 8. b3
Rb8 9. Bb2 b5 10. cxb5 axb5 11. Rc1 Bd7 12. Qc2 Na5 13. Nd2 b4 14. Nd5 Nxd5 15.
Bxd5 c6 16. Bg2 Qb6 17. e3 Rfc8 18. Qb1 Rc7 19. Rfd1 Bf5 20. e4 Bg4 21. Nf3 Nb7
22. h3 Bxf3 23. Bxf3 c5 24. e5 Rbc8 25. exd6 Nxd6 26. dxc5 Rxc5 27. Bxg7 Rxc1
28. Rxc1 Rxc1+ 29. Qxc1 Kxg7 30. a3 bxa3 31. Qxa3 e5 32. Qa4 Nf5 33. Qe4 Kf6
34. Qc6+ Qxc6 35. Bxc6 Ke6 36. Bb5 Nd6 37. Bc6 Nf5 38. Bb5 1/2-1/2

[Event "35. Kieler Open 2023"]
[Site "Kiel"]
[Date "2023.07.29"]
[Round "2.7"]
[White "Schinkowski, Christoph"]
[Black "Olde, Henning"]
[Result "1-0"]
[WhiteElo "2145"]
[BlackElo "1792"]
[PlyCount "43"]
[EventDate "2023.??.??"]

1. Nf3 e6 2. c4 Nf6 3. d4 d5 4. Nc3 c6 5. e3 Bd6 6. Bd3 Nbd7 7. O-O O-O 8. e4
dxe4 9. Nxe4 Bc7 10. Bg5 Kh8 11. Qe2 Qe8 12. Rfe1 Rg8 13. b4 Nxe4 14. Qxe4 Nf8
15. Qh4 f5 16. Bxf5 Qf7 17. Bd3 Bd7 18. Ne5 Bxe5 19. Rxe5 Ng6 20. Qh5 Raf8 21.
Be3 Be8 22. Qxh7+ 1-0

[Event "35. Kieler Open 2023"]
[Site "Kiel"]
[Date "2023.07.29"]
[Round "2.8"]
[White "Wirries, Frank-Michael"]
[Black "Betsakos, Konstantinos"]
[Result "0-1"]
[WhiteElo "1788"]
[BlackElo "2110"]
[PlyCount "69"]
[EventDate "2023.??.??"]

1. e4 c5 2. Nf3 Nc6 3. d4 cxd4 4. Nxd4 e5 5. Nb5 d6 6. N1c3 a6 7. Na3 Be6 8.
Be2 g6 9. O-O Bg7 10. Be3 Nge7 11. Nd5 Bxd5 12. exd5 Nd4 13. c4 Nxe2+ 14. Qxe2
O-O 15. Rfd1 f5 16. f3 e4 17. f4 g5 18. Nc2 gxf4 19. Bd4 Rf7 20. Kh1 Rc8 21. b3
Be5 22. Rg1 Ng6 23. Qh5 Qf6 24. Rad1 b5 25. g4 bxc4 26. gxf5 Qxf5 27. Rg5 Qf6
28. Rdg1 Rg7 29. Rf5 Qe7 30. Bxe5 dxe5 31. d6 Qxd6 32. Rd1 Qe7 33. Qg4 Rd8 34.
bxc4 e3 35. Qf3 0-1

[Event "35. Kieler Open 2023"]
[Site "Kiel"]
[Date "2023.07.29"]
[Round "2.9"]
[White "Saglam, Buelent"]
[Black "Dittmar, Markus"]
[Result "1-0"]
[WhiteElo "2109"]
[BlackElo "1778"]
[PlyCount "111"]
[EventDate "2023.??.??"]

1. e4 d5 2. Nc3 d4 3. Nce2 e5 4. d3 Nf6 5. g3 Bg4 6. f3 Bd7 7. f4 exf4 8. gxf4
c5 9. Nf3 Be7 10. Rg1 Nh5 11. c3 dxc3 12. bxc3 Nc6 13. Rb1 b6 14. Be3 g6 15. d4
cxd4 16. cxd4 O-O 17. Ng3 Ng7 18. Ba6 Bc8 19. Bb5 Bd7 20. d5 Na5 21. d6 Bxb5
22. dxe7 Qxd1+ 23. Rxd1 Rfe8 24. Bd4 Nc6 25. Bxg7 Kxg7 26. Nf5+ Kh8 27. Nd6 Ba4
28. Nxe8 Bxd1 29. Nc7 Bxf3 30. Nxa8 Nxe7 31. Rg3 Bxe4 32. Re3 f5 33. Ra3 Nc6
34. Ra6 Kg7 35. Kd2 Kf7 36. Nc7 h6 37. Nb5 Bd3 38. Nd6+ Ke6 39. Ra3 Kxd6 40.
Rxd3+ Ke6 41. Rh3 h5 42. Rg3 Ne7 43. Kd3 Kd5 44. Re3 Kd6 45. Kc4 a6 46. Rd3+
Kc7 47. a3 Kc6 48. Rd8 a5 49. a4 Kc7 50. Rf8 Kd7 51. Rf6 Kc7 52. Re6 Nc8 53.
Rxg6 Nd6+ 54. Kd5 Ne4 55. Rg7+ Kb8 56. Kc6 1-0

[Event "35. Kieler Open 2023"]
[Site "Kiel"]
[Date "2023.07.29"]
[Time "18:00:00"]
[Round "2.10"]
[White "Plichta, Hans-Reiner"]
[Black "Horn, Peter"]
[Result "0-1"]
[PlyCount "98"]
[EventDate "2023.07.??"]
[WhiteElo "1773"]
[BlackElo "2085"]

1. d4 d5 2. c4 e6 3. Nf3 Nf6 4. Bg5 Bb4+ 5. Bd2 Be7 6. g3 O-O 7. Bg2 Nc6 8. O-O
dxc4 9. e3 Rb8 10. Nc3 b5 11. Ng5 Nb4 12. Nge4 Nbd5 13. Nxf6+ Nxf6 14. Ne4 Nxe4
15. Bxe4 Bb7 16. Bxb7 Rxb7 17. Qf3 Qd5 18. Qxd5 exd5 19. a3 f5 20. f3 c6 21. h4
Re8 22. Rfe1 Bd6 23. Kg2 Kf7 24. Re2 Rbe7 25. Rae1 Re6 26. Kf2 a6 27. f4 Ra8
28. Ba5 Ke7 29. Kf3 h5 30. Ra1 Kd7 31. Bb4 a5 32. Bxd6 Kxd6 33. Rc2 Rae8 34.
Re2 c5 35. Rd1 cxd4 36. Rxd4 Kc5 37. Kf2 Re4 38. Red2 Rxd4 39. Rxd4 b4 40.
axb4+ axb4 41. Ke2 Ra8 42. Rd2 Ra1 43. Rc2 Rh1 44. Kf3 b3 45. Rd2 Rc1 46. Ke2
c3 47. bxc3 Kc4 48. Rd4+ Kxc3 49. Rxd5 b2 0-1

[Event "35. Kieler Open 2023"]
[Site "Kiel"]
[Date "2023.07.29"]
[Round "2.11"]
[White "Wunder, Niklas"]
[Black "Jarosch, Wolfram"]
[Result "1-0"]
[WhiteElo "2070"]
[BlackElo "1766"]
[PlyCount "57"]
[EventDate "2023.??.??"]

1. d4 Nf6 2. c4 g6 3. Nc3 Bg7 4. e4 O-O 5. Nf3 d6 6. Be2 Nbd7 7. Be3 e5 
8. O-O exd4 9. Nxd4 Nc5 10. f3 a5 11. Ndb5 Bd7 12. Qd2 Re8 13. Rad1 Nh5
14. Nd5 Ne6 15. Nbxc7 Nxc7 16. Bb6 Rc8 17. Nxc7 Be5 18. f4 Nxf4 19. Rxf4 
Bxf4 20. Qxf4 Rxc7 21. Qxd6 Rc6 22. Bxd8 Rxd6 23. Rxd6 Rxd8 24. Bg4 Bxg4 
25. Rxd8+ Kg7 26. Rb8 Be2 27. b3 Bd3 28. Rxb7 Bxe4 29. Ra7 1-0

[Event "35. Kieler Open 2023"]
[Site "Kiel"]
[Date "2023.07.29"]
[Round "2.12"]
[White "Rahtkens, Kay"]
[Black "Forster, Lukas"]
[Result "1/2-1/2"]
[WhiteElo "1759"]
[BlackElo "2053"]
[PlyCount "33"]
[EventDate "2023.??.??"]

1. Nf3 d5 2. e3 g6 3. d4 Bg7 4. c4 Nf6 5. b3 O-O 6. Bb2 c5 7. Be2 cxd4 
8. exd4 Nc6 9. O-O Bf5 10. Nh4 Be6 11. Nf3 Ne4 12. Nc3 Nxc3 13. Bxc3 Rc8 
14. Rc1 Qd7 15. Re1 b6 16. Qd2 Rcd8 17. Red1 1/2-1/2